000
00248nam a2200097Ia 4500
008
240331s9999 xx 000 0 und d
082
_b
PAR
100
_a
Parthasarathy, I
245
0
_a
Iruthi aattam :
_b
adaptation of Shakespear's Kings Lear
942
_c
L
999
_c
3693
_d
3693